Adivinhe os times:Acreano 2025 - Statistics

Estatísticas Gerais
  • Esse quiz foi jogado 24 vezes
  • A pontuação média é 6 de 8
Estatísticas das Respostas
Imagem Resposta % Correto
Rio branco
100%
Humaitá
86%
Galvez
81%
Independência
71%
Vasco AC
71%
São Francisco
67%
Adesg
57%
Plácido de Castro
48%
Nenhum quiz correspondente encontrado
Distribuição das Pontuações
Porcentagem de Pessoas com Cada Pontuação
Percentil de Números Respondidos
Sua Pontuação Histórica
Você não jogou esse quiz